000 00784nam a2200253Ia 4500
003 OSt
005 20220926015307.0
006 a|||||r|||| 00| 0
007 ta
008 220923b |||||||| |||| 00| 0 eng d
020 _a0195183276
_c760.75
037 _b564, 06/03/2009, Bharatiya Sahitya Bhavana
_cGeneral Book
040 _aRTL
_cRTL
_beng
041 _2eng
_aeng
082 _aY73(Q4):6, P8
100 _aMcMahan David L
_9321852
245 0 _aMaking of Buddhist modernism.
260 _aNew York
_bOxford University Press
_c2008
300 _a299p.
_ccm.
500 _aBibliography: P277-293
650 _aSociology
942 _hY73(Q4):6, P8
_cGB
_2CC
999 _c630987
_d630987